000 00580nam a2200169 a 4500
001 000002447
005 20200929150209.0
008 090702s2009 dr 000 0 spa d
020 _a9788489384767
040 _aDO-SdBNP
_bspa
_cBNPHU
082 _axxx
_bxxx
245 0 0 _aLibros escogidos de la literatura infantil y juvenil (3-15 años) 2007-2008 :.
260 _aMadrid :
_bRed de Selección de Libros Infantiles y Juveniles : Fundación Germán Sánchez Ruipérez,
_c2009.
300 _a119 p. :
_bil. ;
_c20 cm.
500 _aIncluye índice
590 _aInventariado, 2018/MFF
999 _c2283
_d2283